000 00724nam a2200193Ia 4500
003 Ost
005 20260507075016.0
008 260507s9999||||xx |||||||||||||| ||und||
040 _cfsecg
041 _aara
082 _a350
100 _aفهمي، مصطفى أبو زيد
_eمؤلف
245 0 _aالإدارة العامة /
_c مصطفى أبو زيد فهمي
260 _aالاسكندرية:
_bالدار الجامعية,
_c2003
300 _a587 صفحة؛
_bإيضاحات ؛
_c24 سم
520 _aفن الحكم والإدارة في السياسة والاسلام - نشاط الإدارة العامة (العملية الإدارية)
653 _aالإدارة العامة
942 _cكتاب
999 _c42213
_d42213